Objasnenie faktorov súvisiacich s toleranciou Coxiella burnetii voči doxycyklínu využitím moderných proteomických prístupov diplomová práca

Na minha lista:
Detalhes bibliográficos
Autor principal: Bartolenová, Dominika
Formato: Livro
Idioma:eslovaco
Publicado em: Bratislava STU FCHPT 2018
Acesso em linha:View in OPAC
Tags: Adicionar Tag
Sem tags, seja o primeiro a adicionar uma tag!

MARC

LEADER 00000nam a2200000 a 4500
005 20260127134200.0
008 180606 2018 xo a 001 0 slo d
035 |a vtls011760581 
039 9 |y 201806061040  |z mschk03 
040 |a STUSCHK1  |b slo  |c STUSCHK1  |e AACR2 
100 1 |a Bartolenová, Dominika 
245 1 |a Objasnenie faktorov súvisiacich s toleranciou Coxiella burnetii voči doxycyklínu využitím moderných proteomických prístupov  |b diplomová práca  |c Dominika Bartolenová 
260 |a Bratislava  |b STU FCHPT  |c 2018 
300 |a 105 s.  |b il.  |c 25 cm 
500 |a Študijný program: biochémia a biomedicínske technológie 
500 |a Študijný odbor: biotechnológie, chémia 
500 |a Školiace pracovisko:Virologický ústav, Biomedicínske centrum SAV v Bratislave, Ústav biochémie a mikrobiológie 
500 |a Evid. číslo: FCHPT-104538-42437 
910 |a SCHK95 
999 |c 6071  |d 6071